|
|
|
|
| LEADER |
00000nab a2200000 4500 |
| 005 |
20160328163844.0 |
| 008 |
150924b2004 cr f|||| |||| 00| 0 spa d |
| 090 |
|
|
|a REVIS 06.02.01
|
| 100 |
1 |
|
|9 255
|a Chaves Salas, Ana Lupita
|
| 245 |
1 |
0 |
|a Hacia una educación infantil de calidad /
|c Ana Lupita Chaves Salas
|
| 260 |
|
|
|a San José, Costa Rica :
|b Editorial Universidad de Costa Rica,
|c 2004
|
| 300 |
|
|
|a páginas 55-69
|
| 520 |
|
|
|a El artículo analiza las funciones que cumple la educación infantil dentro de la sociedad y da a conocer algunos criterios de calidad para valorar los programas dirigidos a la educación del niño y la niña menor de seis años
|
| 650 |
1 |
4 |
|9 1
|a EDUCACIÓN
|
| 773 |
0 |
|
|d San José, Costa Rica : Editorial de la Universidad de Costa Rica, 1997-
|o R0215
|t EDUCACIÓN: Revista de la Universidad de Costa Rica
|g Vol.28, no.1 (2004)
|
| 942 |
|
|
|h REVIS 06.02.01
|2 z
|c 10
|
| 999 |
|
|
|c 2890
|d 2890
|